Artmotiv 02/ (Record no. 3432)

MARC details
000 -LEADER
campo de control de longitud fija 01304nam a22004097a 4500
003 - IDENTIFICADOR DE NÚMERO DE CONTROL
campo de control OSt
005 - FECHA Y HORA DE LA ÚLTIMA TRANSACCIÓN
campo de control 20230421135251.0
008 - DATOS DE LONGITUD FIJA--INFORMACIÓN GENERAL
campo de control de longitud fija 221006b |||||||| |||| 00| 0 eng d
040 ## - FUENTE DE CATALOGACIÓN
Centro/agencia transcriptor Biblioteca Lado V
082 ## - NÚMERO DE LA CLASIFICACIÓN DECIMAL DEWEY
Número de clasificación 700
Número de ítem F522a
100 ## - ENTRADA PRINCIPAL--NOMBRE DE PERSONA
Término indicativo de función/relación editor
9 (RLIN) 808
Nombre de persona Firbas, Joseph
245 ## - MENCIÓN DEL TÍTULO
Título Artmotiv 02/
Resto del título Revista Internacional de Artes Visuales/
260 ## - PUBLICACIÓN, DISTRIBUCIÓN, ETC.
Nombre del editor, distribuidor, etc. Biblioteca Nacional del Peru
Fecha de publicación, distribución, etc. 2008
Lugar de publicación, distribución, etc. Lima
300 ## - DESCRIPCIÓN FÍSICA
Dimensiones 21x29cm
Extensión 70p.
490 ## - MENCIÓN DE SERIE
Mención de serie 02
Designación de volumen o secuencia 2008
Número Internacional Normalizado para Publicaciones Seriadas 1994-5264
505 ## - NOTA DE CONTENIDO CON FORMATO
Nota de contenido con formato Un sueño privado en imagenes
505 ## - NOTA DE CONTENIDO CON FORMATO
Nota de contenido con formato La alternativa bienal
505 ## - NOTA DE CONTENIDO CON FORMATO
Nota de contenido con formato Amistad
505 ## - NOTA DE CONTENIDO CON FORMATO
Nota de contenido con formato Un romantico sin romanticismo
505 ## - NOTA DE CONTENIDO CON FORMATO
Nota de contenido con formato Marcelo Wong
505 ## - NOTA DE CONTENIDO CON FORMATO
Nota de contenido con formato Hospital
505 ## - NOTA DE CONTENIDO CON FORMATO
Nota de contenido con formato Munster 07
505 ## - NOTA DE CONTENIDO CON FORMATO
Nota de contenido con formato Documenta 12
505 ## - NOTA DE CONTENIDO CON FORMATO
Nota de contenido con formato Años sesenta
505 ## - NOTA DE CONTENIDO CON FORMATO
Nota de contenido con formato Grabado
505 ## - NOTA DE CONTENIDO CON FORMATO
Nota de contenido con formato Paisajes Sinteticos
505 ## - NOTA DE CONTENIDO CON FORMATO
Nota de contenido con formato El cuerpo: su identidad
505 ## - NOTA DE CONTENIDO CON FORMATO
Nota de contenido con formato Rosa Tomatis
505 ## - NOTA DE CONTENIDO CON FORMATO
Nota de contenido con formato Reseñas
650 ## - PUNTO DE ACCESO ADICIONAL DE MATERIA--TÉRMINO DE MATERIA
Fuente del encabezamiento o término Tesauro de Arte & Arquitectura
Término de materia o nombre geográfico como elemento de entrada ARTE
9 (RLIN) 703
650 ## - PUNTO DE ACCESO ADICIONAL DE MATERIA--TÉRMINO DE MATERIA
Fuente del encabezamiento o término Tesauro de Arte & Arquitectura
Término de materia o nombre geográfico como elemento de entrada ARTE VISUAL
650 ## - PUNTO DE ACCESO ADICIONAL DE MATERIA--TÉRMINO DE MATERIA
Fuente del encabezamiento o término Tesauro de Arte & Arquitectura
Término de materia o nombre geográfico como elemento de entrada REVISTA
650 ## - PUNTO DE ACCESO ADICIONAL DE MATERIA--TÉRMINO DE MATERIA
Fuente del encabezamiento o término Tesauro de Arte & Arquitectura
Término de materia o nombre geográfico como elemento de entrada BIENAL
650 ## - PUNTO DE ACCESO ADICIONAL DE MATERIA--TÉRMINO DE MATERIA
Fuente del encabezamiento o término Tesauro de Arte & Arquitectura
Término de materia o nombre geográfico como elemento de entrada CRITICA
651 ## - PUNTO DE ACCESO ADICIONAL DE MATERIA--NOMBRE GEOGRÁFICO
Fuente del encabezamiento o término Tesauro de Arte & Arquitectura
Nombre geográfico RESEÑA
942 ## - ELEMENTOS DE ENTRADA SECUNDARIOS (KOHA)
Fuente del sistema de clasificación o colocación Clasificación Decimal Dewey
Tipo de ítem Koha Libros
Parte de la signatura que corresponde a la clasificación (Parte de la clasificación) 700
Parte de la signatura que identifica el ejemplar (Parte del ítem) F522a
Suprimir en OPAC No
Holdings
Estatus retirado Estado de pérdida Fuente del sistema de clasificación o colocación Especificación de materiales (volumen encuadernado u otra parte) Estado de daño No para préstamo Colección Biblioteca de origen Biblioteca actual Fecha de adquisición Enumeración/cronología de publicación seriada Número de inventario Total de préstamos Signatura topográfica completa Código de barras Visto por última vez Precio de reemplazo Tipo de ítem Koha
    Clasificación Decimal Dewey 2008     Revistas Biblioteca LadoV Biblioteca LadoV 21/04/2023 02 002728   700 F522a 002728 21/04/2023 21/04/2023 Libros